000
00256nam a2200109Ia 4500
008
220204s9999 xx 000 0 und d
082
_a
232.31
_b
LAL
100
_a
Lalita
245
0
_a
Choose your own mantra
260
_a
New York
_b
Bantam
_c
1978
942
_c
BK
999
_c
33497
_d
33497